Hyperparameter optimization of artificial neural network in customer churn prediction using genetic algorithm

Salvato in:
Dettagli Bibliografici
Autore principale: Fridrich, Martin
Natura: Capitolo di libro
Lingua:inglese
Soggetti:
Tags: Aggiungi Tag
Nessun Tag, puoi essere il primo ad aggiungerne!!

MARC

LEADER 00000naa a2200000 4500
001 0233985
005 20220805080221.4
041 0 |a eng 
044 |a CZ 
245 1 0 |a Hyperparameter optimization of artificial neural network in customer churn prediction using genetic algorithm  |c Martin Fridrich 
610 2 0 |a výhody konkurenčné 
610 2 0 |a spokojnosť zákazníkov 
610 2 0 |a prognózovanie 
610 2 0 |a predvídanie 
610 2 0 |a algoritmy 
610 2 0 |a siete neurónové 
100 1 |a Fridrich, Martin